La hora violeta
Збережено в:
| Автор: | |
|---|---|
| Формат: | Книга |
| Мова: | Іспанська |
| Опубліковано: |
Santiago
Festina Lente
2009
|
| Предмети: | |
| Теги: |
Додати тег
Немає тегів, Будьте першим, хто поставить тег для цього запису!
|
MARC
| LEADER | 00000nam a2200000 a 4500 | ||
|---|---|---|---|
| 001 | UCH4784 | ||
| 003 | CL-VaPUC | ||
| 008 | 090903e20090612CL |||||||||||||||||spa|d | ||
| 020 | |a 9789563198966 | ||
| 082 | 0 | 4 | |a Ch861 |b ALT |2 21 |
| 100 | 0 | |a Althaner, Lino |e author |9 540726 | |
| 245 | 1 | 3 | |a La hora violeta |
| 300 | |a 119 p | ||
| 942 | |c BK | ||
| 945 | |d 20090903 00:00:00 |a dcastane | ||
| 260 | |a Santiago |b Festina Lente |c 2009 | ||
| 650 | 0 | |a Poesía chilena |9 268403 | |
| 583 | |a last modification |c 20090903 00:00:00 |k Rodrigo Vera | ||
| 999 | |c 336052 |d 336050 | ||
| 952 | |0 0 |1 0 |4 0 |6 CH_861_000000000000000_ALT_2009 |7 0 |8 A |9 426942 |a BIBEDU |b BIBEDU |c ES_NOD |d 2019-11-22 |i 4595556 |o Ch861 ALT 2009 |p 4595556 |r 2023-08-09 |w 2019-11-22 |y BK |k LIT | ||